| 000 | 00954nas a2200301 4500 | ||
|---|---|---|---|
| 001 | BR2012004700 | ||
| 003 | BR-BrBNA | ||
| 005 | 20231205120808.0 | ||
| 007 | ta | ||
| 008 | 230509b bl.|||p| |||| 00| 00por d | ||
| 040 |
_aBR-BrBNA _bpor _cBiblioteca Nacional de Agricultura |
||
| 041 | _a(Pt) | ||
| 072 | _aQ03; Q02 | ||
| 100 | 1 | _aFerreira, E.H. da R. | |
| 100 | 1 | _aMasson, L.M.P. | |
| 100 | 1 | _aRosenthal, A. | |
| 100 | 1 | _aSouza, M. de L. | |
| 100 | 1 | _aTashima, L. | |
| 100 | 1 | _aMassaguer, P.R. de | |
| 245 | 1 | _aTermorresistência de fungos filamentosos isolados de néctares de frutas envasados assepticamente | |
| 650 | _aBYSSOCHLAMYS SP | ||
| 650 | _aCONTAMINAÇÃO FÚNGICA | ||
| 650 | _aACONDICIONAMENTO | ||
| 650 | _aTEMPERATURA | ||
| 773 | 0 |
_tBrazilian Journal of Food Technology (Brazil) _xISSN 1519-0900 _g(Jul-Sep 2011), v.14(3) p. 164-171 _wBR2012004700 |
|
| 909 |
_a202311 _bLúcia _c55 _dLúcia Elande |
||
| 942 |
_2AGRIS _n0 _cANA |
||
| 999 |
_c220355 _d220355 |
||